00000000nas 2200000zi 4500
0019.954169
003CaOODSP
00520250820082605
006m     o  d f      
007cr cn ||||||||
008250815c20229999oncar p o    f0### 0eng|d
040 |aCaOODSP|beng|erda|cCaOODSP
043 |an-cn---
0861 |aCR1-28E-PDF
1101 |aCanada. |bResearch Coordinating Committee, |eauthor, |eissuing body.
24510|aAnnual progress summary / |cCanada Research Coordinating Committee.
264 1|a[Ottawa] : |bGovernment of Canada = Gouvernement du Canada, |c[2022]-
310 |aAnnual
336 |atext|btxt|2rdacontent
337 |acomputer|bc|2rdamedia
338 |aonline resource|bcr|2rdacarrier
3621 |aBegan with: [2021/2022].
500 |aIssued also in French under title: Résumé des progrès annuels.
500 |aEach issue has also a distinctive title.
588 |aDescription based on: [2021/2022]; title from PDF caption.
588 |aLatest issue consulted: [2022/2023].
650 0|aResearch|zCanada|xFinance|vPeriodicals.
650 0|aInteragency coordination|zCanada|vPeriodicals.
655 7|aPeriodicals|2lcgft
77508|tRésumé des progrès annuels / |w(CaOODSP)9.954168